The study on density of yellow cheeked crested gibbon in northeast and pileated gibbon in southwest cambodia,​ ការសិក្សាពីដងស៊ីតេទោចថ្ពាល់ឡឿងនៅភាគឥសាន និសទោចម្កុជនៅភាគនិរតីនៃប្រទេសកម្ពុជា (Record no. 3242)

000 -LEADER
fixed length control field 00698nam a22001577a 4500
003 - CONTROL NUMBER IDENTIFIER
control field OSt
005 - DATE AND TIME OF LATEST TRANSACTION
control field 20151106163019.0
008 - FIXED-LENGTH DATA ELEMENTS--GENERAL INFORMATION
fixed length control field 151106b xxu||||| |||| 00| 0 eng d
040 ## - CATALOGING SOURCE
Transcribing agency RUA
082 ## - DEWEY DECIMAL CLASSIFICATION NUMBER
Classification number FOR CHH 2002 B129 Or.1
100 ## - MAIN ENTRY--PERSONAL NAME
9 (RLIN) 3475
Personal name CHHUN, DELUX.
245 ## - TITLE STATEMENT
Title The study on density of yellow cheeked crested gibbon in northeast and pileated gibbon in southwest cambodia,​ ការសិក្សាពីដងស៊ីតេទោចថ្ពាល់ឡឿងនៅភាគឥសាន និសទោចម្កុជនៅភាគនិរតីនៃប្រទេសកម្ពុជា
260 ## - PUBLICATION, DISTRIBUTION, ETC. (IMPRINT)
Place of publication, distribution, etc. Phnom Penh
Name of publisher, distributor, etc. RUA
Date of publication, distribution, etc. 2004
300 ## - PHYSICAL DESCRIPTION
Extent 46p.
Other physical details ill.
Dimensions 2002
942 ## - ADDED ENTRY ELEMENTS (KOHA)
Source of classification or shelving scheme
Koha item type FIS

No items available.

មជ្ឈមណ្ឌលឯការនៃសាកលវិទ្យាល័យភូមិន្ទកសិកម្មចំការដូង

Powered by Koha